Authors and Novels General knowledge - Statistics

General Stats
  • This quiz has been taken 367 times
    343 since last reset
  • The average score is 10 of 17
Answer Stats
Hint Answer % Correct
Who wrote 'A Tale of Two Cities'? Charles Dickens
94%
Emily, Anne and Charlotte are famous literary sisters with what last name? Bronte
92%
Leo Tolstoy published what book in 1869? War and Peace
89%
Who was born in 1564 in Stratford-Upon-Avon? William Shakespeare
87%
What famous children's book about 'a boy who doesn't grow up' was first released as a play? Peter Pan
84%
“I hope she'll be a fool -- that's the best thing a girl can be in this world, a beautiful little fool.” Is a quote from what book by F.Scott Fitzgerald? The Great Gatsby
83%
Whose books became 'The Best Selling Book Series in History'? J.K.Rowling
77%
Who wrote 'The Bell Jar'? Sylvia Plath
68%
Who is rumored to write a new book 55 years after her best-selling novel? Harper Lee
55%
'The Magician's Nephew' and 'The Last Battle' are the first and last books in what famous series? The Chronicles of Narnia
43%
Micheal Bond wrote the book 'A Bear called .....'? Paddington
42%
Tim Burton collaborated with Disney to release a film version of this book in 2010? Alice in Wonderland
33%
Hank Green is a famous YouTuber but who is his brother? John Green
33%
Whose classic novel was originally titled 'First Impressions'? Jane Austen
23%
What famous writer born in Llandaff, Cardiff in 1916, was a British novelist, short story writer, poet, screenwriter, and fighter pilot? Roald Dahl
22%
'We are such stuff as dreams are made on' Is a quote from what Shakespeare play? The Tempest
22%
'Nana' is a Japanese josei manga series written by who? Ai Yazawa
1%
No matching quizzes found
Score Distribution
Percent of People with Each Score
Percentile by Number Answered
Your Score History
You have not taken this quiz since the last reset